Increasingly Difficult European Geography #3 - Statistics

General Stats
  • This quiz has been taken 272 times
  • The average score is 13 of 20
Answer Stats
Hint Answer % Correct
Country mistakenly called Holland The Netherlands
100%
Capital of Wales Cardiff
94%
Autumn festival famous in Bavaria Oktoberfest
93%
City where Archduke Franz Ferdinand was assassinated, initiating WWI Sarajevo
89%
Country known for its square flag Switzerland
89%
City containing the NATO headquarters Brussels
87%
Lake on the Switzerland-France border,sharing its name with the large city that lies on it Lake Geneva
87%
Tallest of the Alps Mont Blanc
86%
Region comprising of The Netherlands, Belgiumand Luxembourg Benelux
84%
Cologne in German Köln
83%
Most densely populated "valley" in Germany,known for its industrial cities {Ruhr} Valley
76%
Colorful cathedral within the Kremlin St. Basil's Cathedral
62%
Autonomous territory that seceded from Moldovaafter a war in 1992 Transnistria
59%
Spanish province directly North of Portugal Galicia
57%
Archipelago off the West coast of Scotland Hebrides
49%
Strait between Sicily and Calabria Strait of Messina
39%
Peninsula shared by Croatia and Slovenia Istria
30%
Famous 732 CE battle in France between Frankishand Islamic forces Battle of {Tours}
23%
Italian enclave in Switzerland {Campione} d'Italia
10%
Region divided between Romania and Bulgariaafter the Second Balkan War Dobruja
7%
No matching quizzes found
Score Distribution
Percent of People with Each Score
Percentile by Number Answered
Your Score History
You have not taken this quiz